00895nam a22002657a 45000010005000000030006000050050017000110080041000280200017000690400029000860500016001150820012001311000019001432450087001622500046002492600037002953000049003325050008003815200093003895210020004825210020005026500035005226500034005577000038005918299FISKH20250908152340.0250908b cb ||||| |||| 00| 0 eng d a078073003501 aFISKHbengcFISKHdFISKH aTH9148 .H87 a628.925 aHutchings, Amy aFirehouse dog / cby Amy and Richard Hutchings : Photographs by Richard Hutchings  aFirst Scholastic printing, September 1993 aNew York : bScholastic, c1993. a32 pages : bcolor illustrations ;c21 cm .  aG  a"Follow the exciting photographs in the this book and spend a day with a Firehouse Dog!"8 a420 bLexile 8 aG bRaz-Plus  aCommunity helpersvNon-fiction aFirst respondersvNon-fiction aHutchings, Richard eIllustrator